Князь Света: роман; пер. с англ.

Bibliografiske detaljer
Hovedforfatter: Желязны (Зилазни) Р. Дж. Роджер Джозеф
Andre forfattere: Лапицкий В. Виктор (переводчик)
Summary:Это случилось после гибели Земли. На одной из дальних планет-колоний у власти оказалась группа людей, которые, используя достижения науки, достигли бессмертия и стали править своим миром как Боги индуистского пантеона.
Sprog:russisk
Udgivet: СПб., Северо-Запад, 1992
Fag:
Format: MixedMaterials Bog
KOHA link:https://koha.lib.tpu.ru/cgi-bin/koha/opac-detail.pl?biblionumber=101120

MARC

LEADER 00000nam0a2200000 4500
001 101120
005 20231031112529.0
010 |a 5835200412 
035 |a (RuTPU)RU\TPU\book\108878 
090 |a 101120 
100 |a 20060831d1992 m y0rusy50 ca 
101 1 |a rus  |c eng 
102 |a RU 
105 |a a z 001ay 
200 1 |a Князь Света  |e роман  |e пер. с англ.  |f Р. Желязны  |g пер. В. Лапицкий 
210 |a СПб.  |c Северо-Запад  |d 1992 
215 |a 414 с. 
330 |a Это случилось после гибели Земли. На одной из дальних планет-колоний у власти оказалась группа людей, которые, используя достижения науки, достигли бессмертия и стали править своим миром как Боги индуистского пантеона. 
610 1 |a фантастические романы 
675 |a 82  |v 3 
700 1 |a Желязны (Зилазни)  |b Р. Дж.  |c американский писатель-фантаст  |f 1937-1995  |g Роджер Джозеф  |2 stltpush  |3 (RuTPU)RU\TPU\pers\38358 
702 1 |a Лапицкий  |b В.  |g Виктор  |4 730 
801 1 |a RU  |b 63413507  |c 20060831  |g PSBO 
801 2 |a RU  |b 63413507  |c 20170428  |g RCR 
942 |c BK